000
00450nam a2200181Ia 4500
008
090123s9999 xx 000 0 und d
082
_b
42402
100
_a
साळोखे विलास
245
_a
नाती
250
_a
1
260
_c
2007
300
_a
192
600
_a
साळोखे विलास
630
_a
नाती
700
_a
साळोखे विलास
730
_a
नाती
942
_c
BOOK
999
_c
80478
_d
80478